| 000 -LEADER |
| fixed length control field |
00699nam a22002177a 4500 |
| 005 - DATE AND TIME OF LATEST TRANSACTION |
| control field |
20231107090029.0 |
| 008 - FIXED-LENGTH DATA ELEMENTS--GENERAL INFORMATION |
| fixed length control field |
231107b ||||| |||| 00| 0 eng d |
| 020 ## - INTERNATIONAL STANDARD BOOK NUMBER |
| International Standard Book Number |
9787107335556 |
| 040 ## - CATALOGING SOURCE |
| Transcribing agency |
KH8 |
| 082 ## - DEWEY DECIMAL CLASSIFICATION NUMBER |
| Classification number |
495.186 ZON |
| 100 ## - MAIN ENTRY--PERSONAL NAME |
| Personal name |
Zong zhu bian Wen Rumin |
| Relator term |
Author |
| 245 ## - TITLE STATEMENT |
| Title |
Yu wen : si nian ji |
| Remainder of title |
语文 : 四年级 |
| Statement of responsibility, etc. |
Zong zhu bian Wen Rumin |
| 260 ## - PUBLICATION, DISTRIBUTION, ETC. |
| Place of publication, distribution, etc. |
Beijing, |
| Name of publisher, distributor, etc. |
Ren min jiao yu chu ban she 人民教育出版社, |
| Date of publication, distribution, etc. |
2019 |
| 300 ## - PHYSICAL DESCRIPTION |
| Extent |
volumes : |
| Other physical details |
illustrations ; |
| Dimensions |
26 cm |
| 440 ## - SERIES STATEMENT/ADDED ENTRY--TITLE |
| Title |
Yi wu jiao yu jiao ke shu |
| 650 ## - SUBJECT ADDED ENTRY--TOPICAL TERM |
| Topical term or geographic name entry element |
Chinese language |
| 650 ## - SUBJECT ADDED ENTRY--TOPICAL TERM |
| Topical term or geographic name entry element |
Chinese language Readers |
| 650 ## - SUBJECT ADDED ENTRY--TOPICAL TERM |
| Topical term or geographic name entry element |
Chinese language Textbooks |
| 700 ## - ADDED ENTRY--PERSONAL NAME |
| Personal name |
Rumin Wen |
| Fuller form of name |
Editor |
| 942 ## - ADDED ENTRY ELEMENTS (KOHA) |
| Source of classification or shelving scheme |
|
| Koha item type |
Teaching Resources |